Plantation agriculture / (Record no. 37259)
[ view plain ]
| 000 -LEADER | |
|---|---|
| fixed length control field | 00725nam a2200253 a 4500 |
| 001 - CONTROL NUMBER | |
| control field | 37259 |
| 003 - CONTROL NUMBER IDENTIFIER | |
| rucl marc code | BD-RjUL |
| 005 - DATE AND TIME OF LATEST TRANSACTION | |
| control field | 20211209052607.0 |
| 008 - FIXED-LENGTH DATA ELEMENTS--GENERAL INFORMATION | |
| fixed length control field | 850516r19711965enkb 000 0 eng d |
| 020 ## - INTERNATIONAL STANDARD BOOK NUMBER | |
| International Standard Book Number | 0713500131 |
| 035 ## - SYSTEM CONTROL NUMBER | |
| System control number | (BD-RjUL)37361 |
| System control number | 812911 |
| 040 ## - CATALOGING SOURCE | |
| Original cataloging agency | XNTU |
| Language of cataloging | eng |
| Transcribing agency | XNTU |
| Modifying agency | XNLS |
| 041 ## - LANGUAGE CODE | |
| Language code of text/sound track or separate title | eng |
| 082 04 - DEWEY DECIMAL CLASSIFICATION NUMBER | |
| Classification number | 338.10913 |
| Author mark and year | COP 1971 |
| 100 1# - MAIN ENTRY--PERSONAL NAME | |
| Personal name | Courtenay, P. P. |
| Fuller form of name | (Percy Philip), |
| Dates associated with a name | 1931- |
| 9 (RLIN) | 114131 |
| 245 10 - TITLE STATEMENT | |
| Title | Plantation agriculture / |
| Statement of responsibility, etc. | P.P. Courtenay. |
| 260 ## - PUBLICATION, DISTRIBUTION, ETC. (IMPRINT) | |
| Place of publication, distribution, etc. | London : |
| Name of publisher, distributor, etc. | Bell, |
| Date of publication, distribution, etc. | 1965 [reprint 1971]. |
| 300 ## - PHYSICAL DESCRIPTION | |
| Pagination | viii,208p. : |
| Illustrations | maps ; |
| Size | 23cm. |
| 490 0# - SERIES STATEMENT | |
| Series statement | Bell's advanced economic geographies |
| 650 #0 - SUBJECT ADDED ENTRY--TOPICAL TERM | |
| Topical term or geographic name as entry element | Plantations. |
| 9 (RLIN) | 114132 |
| Topical term or geographic name as entry element | Tropical crops. |
| 9 (RLIN) | 114133 |
| 942 ## - ADDED ENTRY ELEMENTS (KOHA) | |
| Source of classification or shelving scheme | Dewey Decimal Classification |
| Koha item type | Books |
| Lost status | Source of classification or shelving scheme | Damaged status | Not for loan | Collection code | Permanent Location | Current Location | Shelving location | Date acquired | Source of acquisition | Total Checkouts | Full call number | Date last seen | Copy number | Koha item type |
|---|---|---|---|---|---|---|---|---|---|---|---|---|---|---|
| Dewey Decimal Classification | Not For Loan | Non-fiction | Institute of Biological Sciences (IBSc) Library | Institute of Biological Sciences (IBSc) Library | 17/11/2014 | British Council | 338.10913 COP 1971 | 17/11/2014 | C-1 | Books |